MARC

LEADER 00000nam0a2200000 4500
001 294437
005 20231102000710.0
035 |a (RuTPU)RU\TPU\book\319496 
090 |a 294437 
100 |a 20150513d1982 m y0rusy5003 ca 
101 0 |a rus 
102 |a RU 
105 |a a j 001zy 
200 1 |a Курсовое проектирование по конструированию гибридных интегральных схем  |e учебное пособие  |f Ю. Г. Крюков, Л. Н. Никитин 
210 |a Воронеж  |c Изд-во ВПИ  |d 1982 
215 |a 83 с.  |c ил. 
320 |a Библиогр.: с. 86 (9 назв.) 
606 1 |a Микроэлектронные схемы интегральные гибридные  |2 stltpush  |3 (RuTPU)RU\TPU\subj\43861  |9 63302 
610 1 |a курсовое проектирование 
610 1 |a учебные пособия 
610 1 |a методические указания 
610 1 |a ГИС 
610 1 |a требования 
610 1 |a анализ 
610 1 |a технологические данные 
610 1 |a расчеты 
610 1 |a топологии 
610 1 |a защита 
610 1 |a внешние воздействия 
610 1 |a надежность 
610 1 |a конструкторская документация 
675 |a 621.382.049.776(075.8)  |z rus  |v 3 
700 1 |a Крюков  |b Ю. Г.  |g Юрий Григорьевич  |4 070 
801 0 |a RU  |b RuMRKP  |c 19950413  |g psbo 
801 1 |a RU  |b 63413507  |c 20150513 
801 2 |a RU  |b 63413507  |c 20190123  |g RCR 
942 |c BK